000 00255pab a2200109 454500
008 180718b xxu||||| |||| 00| 0 eng d
100 _aMustafa, Seema
245 _aTaking secularism to the masses
650 _aSecularism
773 _aMainstream
909 _a2780
999 _c2780
_d2780